000 00580nam a22001937a 4500
003 KOHA_MİRAKIL
005 20260331111616.0
008 260331b tu ||||| |||| 00| 0 tur d
040 _aTR-AnABB
_btur
_cTR-AnABB
041 _atur
082 _a333.7
_bWIB 1959
100 1 _aWibberley, G. P.
245 1 0 _aAgriculture and Urban Growth a study of the competition for rural land /
_cG.P. Wibberley
260 _aLondon :
_bJoseph,
_c1959
300 _a240 sayfa ;
_c20 cm
650 0 4 _aArazi kullanımı
650 0 4 _aDoğal kaynaklar
942 _2ddc
_cBK
999 _c10114
_d10114
900 _bCan ÇELIK